Statystyki dla Popularne filmy, które znają wszyscy

Kliknij tutaj aby rozwiązać quiz!

Ogólne statystyki

  • Ten quiz został rozwiązany 163 razy
  • Średni wynik to 3 z 10

Statystyki odpowiedzi

Odpowiedź% Poprawnych
Titanic
66%
Harry Potter
51%
Avatar
49%
Avengers
38%
SpiderMan
29%
Hobbit
24%
Szybcy i wściekli
24%
Shrek
22%
Zmierzch
11%
Faceci w czerni
5%

Rozkład punktacji

Percentyl według liczby udzielonych odpowiedzi

Procent ludzi z każdym wynikiem

Twoja historia wyników

Nie rozwiązałeś tego quizu